000 00349nam a2200145 i 4500
001 bg
100 1 _aBARTON, Richard F.
245 0 _aWprowadzenie do symulacji i gier /
_cRichard F. Barton.
260 _aWarszawa,
_c1974.
040 _cBPK
041 _apol
080 _a681.3:519.8
942 _cKS
008 s pl f |000 0 pol
999 _c26484
_d26484
856 _uhttp://koha.tu.koszalin.pl/cgi-bin/koha/opac-detail.pl?biblionumber=26484
_yKatalog online BPK